| RUSMARC |
| 000 | | | 03559nac2a22002533x 450 | | 001 | | | 73872617-102b-4202-b532-3df9485f0e39 | | 005 | | | 20230621002854.0 | | 100 | ## | $a | 20230602l1857 k y0rusy50 ca | | 101 | 0# | $a | rus | | 102 | ## | $a | RU | | 105 | ## | $a | y z ||||| | | 122 | 2# | $a | d18571231 | | | $a | d19141231 | | 200 | 1# | $a | Родословная врача глазных болезней Е. В. Горбовского-Заранека | | | $j | [19--] | | 215 | ## | $a | 2 листа | | | $d | 35,2 х 23,8 | | 251 | ## | $c | Дело | | 300 | ## | $a | Рукописный текст | | 300 | ## | $a | На папке дела: б/д | | 461 | #0 | $1 | 001RuPRLIB520125285 | | | $1 | 2001 | | | $a | Святополк-Мирский Петр Дмитриевич, князь, министр внутренних дел (август 1904 г. - январь 1905 г.) | | | $1 | 251 | | | $c | Фонд | | | $1 | 852 | | | $j | 1729 | | 462 | #0 | $1 | 001RuPRLIB520125286 | | | $1 | 2001 | | | $a | Дела постоянного хранения. 1857-1914 гг. | | | $v | Д. 255 | | | $1 | 251 | | | $c | Опись | | | $1 | 852 | | | $j | 1 | | 600 | #1 | $a | Святополк-Мирский | | | $b | П. Д. | | | $c | князь | | | $g | Петр Дмитриевич | | 600 | #1 | $a | Горбовский-Заранек | | | $b | Е. В. | | 801 | #0 | $a | RU | | | $b | GA_RF | | 801 | #1 | $a | RU | | | $b | ГлавНИВЦ | | | $c | 20230602 | | | $2 | rusmarc | | 801 | #2 | $a | RU | | | $b | ПБ им. Б.Н. Ельцина | | | $c | 20230621 | | | $g | RCR | | | $2 | rusmarc | | 852 | ## | $a | ГА РФ | | | $j | 255 | | 937 | ## | $d | 185524236 | | | $h | ГАРФ | | 035 | ## | $a | RuPRLIB51070887 | | 856 | ## | $u | http://readingroom.main.prlib.ru/item.aspx?id_node=n185524236&mode=full |
|